ბათუმის შოთა რუსთაველის სახელმწიფო უნივერსიტეტის ბიბლიოთეკა

საქართველოს ნავთობი და ნავთობქიმია (ბიბ.ჩანაწერი № 42770)

000 -LEADER
fixed length control field 00744nam a2200217Ia 4500
001 - CONTROL NUMBER
control field 9476
003 - CONTROL NUMBER IDENTIFIER
control field GE_BSU
008 - FIXED-LENGTH DATA ELEMENTS--GENERAL INFORMATION
fixed length control field 181216s||||||||xx |||||||||||||| ||und||
020 ## - INTERNATIONAL STANDARD BOOK NUMBER
International Standard Book Number 9789941054167
040 ## - CATALOGING SOURCE
Transcribing agency GE_BSU
080 ## - UNIVERSAL DECIMAL CLASSIFICATION NUMBER
Universal Decimal Classification number 553.982.2(479.22)+665.7
100 ## - MAIN ENTRY--PERSONAL NAME
Personal name შენგელია,დიმიტრი
245 ## - TITLE STATEMENT
Title საქართველოს ნავთობი და ნავთობქიმია
245 ## - TITLE STATEMENT
Statement of responsibility, etc. სამეცნ.რედ. შ.სიდამონიძე
260 ## - PUBLICATION, DISTRIBUTION, ETC.
Place of publication, distribution, etc. თბილისი
260 ## - PUBLICATION, DISTRIBUTION, ETC.
Date of publication, distribution, etc. 2013
300 ## - PHYSICAL DESCRIPTION
Extent 251გვ.29სმ.
653 ## - INDEX TERM--UNCONTROLLED
Uncontrolled term საქართველოს ნავთობი და ნავთობქიმია
942 ## - ADDED ENTRY ELEMENTS (KOHA)
Koha item type წიგნი
ეგზემპლარები
Withdrawn status Lost status Damaged status Not for loan Date acquired Barcode Date last seen Price effective from Koha item type
        2018-12-17 32596 2018-12-17 2018-12-17 წიგნი
        2018-12-17 32597 2018-12-17 2018-12-17 წიგნი
        2018-12-17 32598 2018-12-17 2018-12-17 წიგნი
        2018-12-17 32599 2018-12-17 2018-12-17 წიგნი